LEADER 01615ngm 22003975 450 001 9910867227403321 005 20250626104823.0 035 $a(CKB)5700000000532043 035 $a(OOMM)MDP017 035 $a(EXLCZ)995700000000532043 100 $a20200131d2019 uy v 101 0 $aeng 135 $aur||||||a|c|| 181 $ctdi$2rdacontent 182 $cc$2rdamedia 183 $acr$2rdacarrier 200 00$aCerebellum 210 1$aUniversity Park, PA, USA :$cMarc Dingman,$d[2019]. 215 $a1 online resource (1 video file (1 min., 59 sec.)) $csound, color 225 1 $a2-Minute Neuroscience Videos 330 $aIn my 2-Minute Neuroscience videos I explain neuroscience topics in 2 minutes or less. In this video, I discuss the cerebellum. I describe the location of the cerebellum in the nervous system and its role in facilitating movement. I cover the different regions of the cerebellum: the cerebrocerebellum, spinocerebellum, vermis, and vestibulocerebellum. Lastly, I discuss the cerebellar peduncles as the routes by which the cerebellum communicates with the rest of the nervous system and the deep cerebellar nuclei as the primary output cells of the cerebellum. 410 0$a2-Minute Neuroscience Videos 606 $aBrain 606 $aNervous system 606 $aNeurosciences 615 00$aBrain. 615 00$aNervous system. 615 00$aNeurosciences. 712 02$aMarc Dingman, 712 02$aMcIntyre Media Inc., 801 0$bOOMM 801 1$bOOMM 906 $aVIDEO 912 $a9910867227403321 996 $aCerebellum$9764087 997 $aUNINA LEADER 04738nam 2200853 a 450 001 9910955105703321 005 20251117092711.0 010 $a9786613941145 010 $a9783110296518 010 $a3110296519 010 $a9781283628693 010 $a1283628694 024 7 $a10.1515/9783110296518 035 $a(CKB)2670000000279387 035 $a(EBL)955839 035 $a(SSID)ssj0000780075 035 $a(PQKBManifestationID)12334338 035 $a(PQKBTitleCode)TC0000780075 035 $a(PQKBWorkID)10784841 035 $a(PQKB)10077910 035 $a(SSID)ssj0000797108 035 $a(PQKBManifestationID)12357425 035 $a(PQKBTitleCode)TC0000797108 035 $a(PQKBWorkID)10799589 035 $a(PQKB)22261137 035 $a(MiAaPQ)EBC955839 035 $a(DE-B1597)178687 035 $a(OCoLC)817816982 035 $a(OCoLC)853266278 035 $a(DE-B1597)9783110296518 035 $a(Au-PeEL)EBL955839 035 $a(CaPaEBR)ebr10606505 035 $a(CaONFJC)MIL394114 035 $a(Perlego)653383 035 $a(MiAaPQ)EBC4002020 035 $a(Au-PeEL)EBL4002020 035 $a(EXLCZ)992670000000279387 100 $a20120703d2012 uy 0 101 0 $aeng 135 $aur|n|---||||| 181 $ctxt 182 $cc 183 $acr 200 14$aThe rhetoric of interruption $espeech-making, turn-taking, and rule-breaking in Luke-Acts and ancient Greek narrative /$fDaniel Lynwood Smith 205 $a1st ed. 210 $aBerlin ;$aBoston $cDe Gruyter$dc2012 215 $a1 online resource (352 p.) 225 1 $aBeihefte zur Zeitschrift fu?r die neutestamentliche Wissenschaft und die Kunde der a?lteren Kirche,$x0171-6441 ;$vBd. 193 300 $aDescription based upon print version of record. 311 08$a9783110296525 311 08$a3110296527 311 08$a9783110296426 311 08$a311029642X 320 $aIncludes bibliographical references and indexes. 327 $aInterruption and rhetoric in ancient Greek literature -- Interrupted speech in Greek historiography : from Homer to Appian -- Interrupted speech in Jewish historiography : from Job to Josephus -- Interrupted speech in Greek novels -- The overlooked interruptions of the Gospel according to Luke -- Interrupted speech in the Acts of the Apostles -- Conclusions -- Appendix A : Intentionally interrupted speech in Greek historiography -- Appendix B : Intentionally interrupted speech in Jewish historiography -- Appendix C : Intentionally interrupted speech in Greek novels -- Appendix D : Intentionally interrupted speech in Luke-Acts. 330 $aWhy are so many speakers interrupted in Luke and in Acts? For nearly a century, scholars have noted the presence of interrupted speech in the Acts of the Apostles, but explanations of its function have been limited and often contradictory. A more effective approach involves grounding the analysis of Luke-Acts within a larger understanding of how interruption functions in a wide variety of literary settings. An extensive survey of ancient Greek narratives (epics, histories, and novels) reveals the forms, frequency, and functions of interruption in Greek authors who lived and wrote between the eighth-century B.C.E. and the second-century C.E.This comparative study suggests that the frequent interruptions of Jesus and his followers in Luke 4:28; Acts 4:1; 7:54-57; 13:48; etc., are designed both to highlight the pivotal closing words of the discourses and to draw attention to the ways in which the early Christian gospel was received. In the end, the interrupted discourses are best understood not as historical accidents, but as rhetorical exclamation points intended to highlight key elements of the early Christian message and their varied reception by Jews and Gentiles. 410 0$aBeihefte zur Zeitschrift fu?r die neutestamentliche Wissenschaft und die Kunde der a?lteren Kirche ;$vBeiheft 193. 606 $aInterruption (Linguistics) in literature 606 $aInterruption (Linguistics) in the Bible 606 $aGreek language, Hellenistic (300 B.C.-600 A.D.)$xRhetoric 606 $aGreek literature, Hellenistic$xHistory and criticism 615 0$aInterruption (Linguistics) in literature. 615 0$aInterruption (Linguistics) in the Bible. 615 0$aGreek language, Hellenistic (300 B.C.-600 A.D.)$xRhetoric. 615 0$aGreek literature, Hellenistic$xHistory and criticism. 676 $a226.4014 700 $aSmith$b Daniel Lynwood$01860307 801 0$bMiAaPQ 801 1$bMiAaPQ 801 2$bMiAaPQ 906 $aBOOK 912 $a9910955105703321 996 $aThe rhetoric of interruption$94465061 997 $aUNINA LEADER 01934nam 22004573 450 001 9910946921503321 005 20250627080332.0 010 $a1-68571-207-X 035 $a(CKB)37341618200041 035 $a(MiAaPQ)EBC32154323 035 $a(Au-PeEL)EBL32154323 035 $a(NjHacI)9937341618200041 035 $a(BIP)119893092 035 $a(EXLCZ)9937341618200041 100 $a20250627d2025 uy 0 101 0 $aeng 135 $aur||||||||||| 181 $ctxt$2rdacontent 182 $cc$2rdamedia 183 $acr$2rdacarrier 200 10$aRequiem 205 $a1st ed. 210 1$aEarth, Milky Way :$cPunctum Books,$d2025. 210 4$dİ2025. 215 $a1 online resource (0 pages) 311 08$a1-68571-206-1 330 $aRequiem by Teresa Carmody is a "folk opera, a lament for the unexamined life," writes editor and author David Ulin in his Introduction. In this short collection of fiction, a lonely man plainchants for the waitress he once stalked, a sonless father serenades a fatherless son, and a bereft family gathers to bury a parent, providing an aching chorus of what is left. Carmody uses Biblical language to pierce the callous and bruised souls of these lost, and sometimes found, small-town Michiganders. In her raw spare stories, novelist, essayist, and poet Carol Muske-Dukes writes that Carmody creates in her raw, spare stories, "a voice out of the backyard burning bush, a Midwest scriptural mist: frank, fierce and fidgety, and most emphatically her own." 606 $aRequiems$xHistory and criticism 606 $aRequiems 615 0$aRequiems$xHistory and criticism. 615 0$aRequiems. 676 $a782.3232 700 $aCarmody$b Teresa$01830750 701 $aUlin$b David L$01651110 801 0$bMiAaPQ 801 1$bMiAaPQ 801 2$bMiAaPQ 906 $aBOOK 912 $a9910946921503321 996 $aRequiem$94401257 997 $aUNINA